Writing with a purpose /

This book is divided into five parts: The writing process; Writing structures; Writing for special assignments; Reading with a purpose; and Handbook of grammar and usage.

Enregistré dans:
Détails bibliographiques
Auteur principal: Trimmer, Joseph F.
Format: Livre
Langue:English
Publié: Boston : Houghton Mifflin, 1998.
Édition:12th ed.
Sujets:
Tags: Ajouter un tag
Pas de tags, Soyez le premier à ajouter un tag!
Thư viện lưu trữ: Mạng thư viện Đại học Đà Nẵng
LEADER 01132cam a2200385 i 4500
001 000049382
003 9127
005 20051111143340.0
008 010326b1998 vm 000 eng
020 |a 0395876125 
040 |a IRC  |c IRC  |d IRC 
041 0 |a eng 
082 1 4 |a 808.042  |b TR-J 
100 1 |a Trimmer, Joseph F. 
245 0 0 |a Writing with a purpose /  |c Joseph F. Trimmer. 
250 |a 12th ed. 
260 |a Boston :  |b Houghton Mifflin,  |c 1998. 
300 |a xxiii, 615 p. ;  |c 23cm. 
520 3 |a This book is divided into five parts: The writing process; Writing structures; Writing for special assignments; Reading with a purpose; and Handbook of grammar and usage. 
630 0 4 |a English language. 
630 0 4 |a Report writing. 
630 0 4 |a Rgetoric. 
650 0 4 |a English language  |x Grammar. 
650 0 4 |a Report writing. 
650 0 4 |a English language  |x Rhetoric. 
OWN |a DUT 
999 |a From the UDN01 
TYP |a Monograph 
TYP |a Printed language 
980 |a Mạng thư viện Đại học Đà Nẵng